| 000 | 00732nam a22002297a 4500 | ||
|---|---|---|---|
| 005 | 20170124110124.0 | ||
| 010 | _a666144 | ||
| 020 |
_c00.00 _a0246640537 |
||
| 035 | _a666144 | ||
| 037 | _bCen Lib/Ret | ||
| 040 |
_aDPL _bEN |
||
| 082 |
_a921 _bHYD |
||
| 100 |
_aHyde, H.Montgomery _931230 |
||
| 245 |
_aStalin : _cby H.Montgomery Hyde _bthe history of a dictator / |
||
| 260 |
_aLondon _bRupert Hart-Davis _c1971 |
||
| 270 | _a3 Upper James Street | ||
| 300 |
_a679p. : _c20cm(Hb) _bill. |
||
| 500 | _aIncludes bibliographical references and index | ||
| 650 |
_aStalin, Joseph, -- 1879-1953 _931231 |
||
| 650 |
_aSoviet Union -- Politics and government -- 1917-1936 _931232 |
||
| 942 |
_2ddc _cEN _h921 _mHYD |
||
| 999 |
_c131229 _d131229 |
||